Statistics for Largest Fraternities and Sororities

Click here to take the quiz!

General Stats

  • This quiz has been taken 38 times
  • The average score is 11 of 20

Answer Stats

HintAnswer% Correct
FraternitiesPi Kappa Alpha
90%
FraternitiesSigma Chi
76%
FraternitiesSigma Alpha Epsilon
69%
SororitiesAlpha Phi
66%
FraternitiesPi Kappa Phi
66%
SororitiesChi Omega
62%
SororitiesKappa Delta
59%
FraternitiesKappa Sigma
59%
FraternitiesPhi Delta Theta
59%
FraternitiesSigma Phi Epsilon
55%
SororitiesAlpha Delta Pi
52%
FraternitiesTau Kappa Epsilon
52%
SororitiesDelta Gamma
48%
SororitiesDelta Zeta
48%
FraternitiesSigma Nu
48%
SororitiesKappa Alpha Theta
45%
SororitiesZeta Tau Alpha
34%
FraternitiesLambda Chi Alpha
31%
SororitiesGamma Phi Beta
28%
SororitiesAlpha Omicron Pi
24%

Score Distribution

Percentile by Number Answered

Percent of People with Each Score

Your Score History

You have not taken this quiz